MCU Trivia Hard - Statistics

General Stats
  • This quiz has been taken 65 times
  • The average score is 214 of 378
Answer Stats
Movie Info Answer % Correct
Real Name Tony Stark
100%
Real Name Tony Stark
98%
Iron Man Main Character Iron Man
96%
Real Name Tony Stark
96%
Iron Man 2 Main Character Iron Man
94%
Year Release 2008
91%
Year Release 2008
91%
The Avengers Main Characters Iron Man
91%
Iron Man 3 Main Character Iron Man
91%
Avengers: Age of Ultron Main Character(s) Iron Man
91%
Avengers: Infinity War Main Character(s) Iron Man
91%
The Incredible Hulk Main Character Hulk
89%
Team Iron Man Iron Man
89%
Who's Team Won? Iron Man
89%
Mentor Iron Man
89%
Avengers: Endgame Main Character(s) Iron Man
89%
Iron Man
89%
# of Seasons 2
87%
What If...? # of Seasons 2
87%
Real Name Bruce Banner
87%
Year Release 2011
85%
Year Release 2011
85%
Hulk
85%
Hulk
85%
Love Interest Pepper Potts
85%
Love Interest Pepper Potts
85%
Captain America: The First Avenger Main Character Captain America
83%
Captain America
83%
Captain America: The Winter Soldier Main Character Captain America
83%
Captain America
83%
Hulk
83%
Side Character(s) Hulk
83%
Side Character Hulk
83%
Brother Loki
83%
Father Odin
83%
Love Interest Pepper Potts
83%
Thor Main Character Thor
83%
Thor
83%
Thor: The Dark World Main Character Thor
83%
Thor
83%
Thor
83%
Black Widow
81%
Side Character(s) Black Widow
81%
Black Widow
81%
Black Widow
81%
Team Captain America Captain America
81%
Captain America
81%
Captain America: Brave New World Main Character Captain America
81%
Villain(s) Loki
81%
Loki Main Characters Loki
81%
Real Name Steve Rogers
81%
Real Name Steve Rogers
81%
Thor: Ragnarok Main Character Thor
81%
Thor
81%
Thor: Love and Thunder Main Character Thor
81%
Year Release 2010
79%
Year Release 2012
79%
Year Release 2014
79%
Year Release 2014
79%
Black Widow
79%
Main Character Death(s) Black Widow
79%
Black Widow Main Character Black Widow
79%
Year Release 2015
77%
Black Widow
77%
Best Friend Bucky Barnes
77%
Hawkeye
77%
Hawkeye
77%
Villain Red Skull
77%
Year Release 2013
74%
Year Release 2013
74%
Year Release 2015
74%
Year Release 2016
74%
Year Release 2016
74%
Year Release 2017
74%
Year Release 2017
74%
Year Release 2017
74%
Hawkeye
74%
Hawkeye
74%
Hawkeye Main Characters Hawkeye
74%
Villain(s) Thanos
74%
Villain Thanos
74%
Side Character War Machine
74%
Year Release 2018
72%
Year Release 2018
72%
Year Release 2019
72%
Year Release 2019
72%
Year Release 2019
72%
Villain(s) Abomination
72%
Setting (Planet) Asgard
72%
Setting (Planet Asgard
72%
Love Interest Jane Foster
72%
Love Interest Jane Foster
72%
War Machine
72%
War Machine
72%
War Machine
72%
Year Release 2021
70%
Year Release 2021
70%
Year Release 2021
70%
Year Release 2021
70%
\ Year Release 2023
70%
Year Release 2023
70%
Year Release 2023
70%
Love Interest Jane Foster
70%
Character Death Jane Foster
70%
Villain Ultron
70%
Year Release 2022
68%
Year Release 2022
68%
Year Release 2022
68%
Abomination
68%
Ant-Man Main Character Ant-Man
68%
Black Panther Main Character Black Panther
68%
Drax
68%
Gamora
68%
Groot
68%
Scarlet Witch
68%
Guardians of the Galaxy Main Character(s) Starlord
68%
Robot created by Tony & Bruce Vision
68%
Ant-Man
66%
Ant-Man and the Wasp Main Character(s) Ant-Man
66%
Ant-Man and the Wasp: Quantumania Main Character(s) Ant-Man
66%
Black Panther
66%
Black Panther
66%
Black Panther
66%
Character Death Black Panther
66%
Drax
66%
Drax
66%
Drax
66%
Falcon
66%
Gamora
66%
Gamora
66%
Main Character Death Gamora
66%
Gamora
66%
Groot
66%
Groot
66%
Love Interest Peggy Carter
66%
Real Name Peter Parker
66%
Real Name Peter Parker
66%
Real Name Peter Quill
66%
Twins Quicksilver
66%
Scarlet Witch
66%
Scarlet Witch
66%
Villain Scarlet Witch
66%
WandaVision Main Characters Scarlet Witch
66%
Captain America: Civil War New Character(s) Spider-Man
66%
Spider-Man
66%
Spider-Man: Homecoming Main Character Spider-Man
66%
Spider-Man
66%
Spider-Man: Far From Home Main Character Spider-Man
66%
Spider-Man: No Way Home Main Character Spider-Man
66%
Main Characters Starlord
66%
Starlord
66%
Guardians of the Galaxy, Vol. 3 Main Characters Starlord
66%
Vision
66%
Vision
66%
Vision
66%
Year Release 2024
64%
Year Release 2025
64%
Year Release 2025
64%
Year Release 2025
64%
Doctor Strange Main Character Doctor Strange
64%
Doctor Strange
64%
Side Character Doctor Strange
64%
Doctor Strange in the Multiverse of Madness Main Character Doctor Strange
64%
Falcon
64%
Side Character Falcon
64%
The Falcon and the Winter Soldier Main Characters Falcon
64%
Guardians of the Galaxy, Vol. 2 New Character Mantis
64%
Mantis
64%
Mantis
64%
Sister Nebula
64%
Real Name Stephen Strange
64%
Real Name T'Challa
64%
Setting (Country) Wakanda
64%
Setting(s) Wakanda
64%
Villain(s) Winter Soldier
64%
Villain Iron Monger
62%
Love Interest MJ
62%
Love Interest MJ
62%
Nebula
62%
Nebula
62%
Real Name Scott Lang
62%
Real Name T'Challa
62%
Wasp
62%
Wasp
62%
Winter Soldier
62%
Winter Soldier
62%
Winter Soldier
62%
Winter Soldier
62%
Captain Marvel Main Character Captain Marvel
60%
Captain Marvel
60%
Captain Marvel
60%
The Marvels Main Character(s) Captain Marvel
60%
Real Name Clint Barton
60%
Real Name Wanda Maximoff
60%
Villain(s) Whiplash
60%
Villain(s) Green Goblin
57%
Hela
57%
Villain(s) Killmonger
57%
Real Name Sam Wilson
57%
Shang-Chi and the Legend of the Ten Rings Main Character Shang-Chi
57%
Villain Vulture
57%
Side Character Wong
57%
Andrew Garfield
55%
Secret Invasion Main Character Nick Fury
55%
Real Name Pietro Maximoff
55%
Rocket Raccoon
55%
Sister Shuri
55%
Black Panther: Wakanda Forever Main Character Shuri
55%
Setting (Country) Sokovia
55%
Other Spider-Man Actors Tobey Maguire
55%
Villain Yellowjacket
55%
Real Name Carol Danvers
53%
Daughter Cassie Lang
53%
Deadpool & Wolverine Main Character(s) Deadpool
53%
Surprise Heroes Human Torch
53%
Human Torch
53%
Real Name James Rhodes
53%
Mandarin
53%
Best Friend Ned Leeds
53%
Best Friend Ned Leeds
53%
Best Friend Ned Leeds
53%
Red Hulk
53%
Rocket Raccoon
53%
Rocket Raccoon
53%
Rocket Raccoon
53%
Sandman
53%
Valkyrie
53%
Wolverine
53%
Character Death Aunt May
51%
Cassie Lang
51%
Villain Ego the Living Planet
51%
Villain Ghost
51%
Ghost
51%
Hank Pym
51%
Side Character(s) Hank Pym
51%
Moon Knight Main Character Moon Knight
51%
Illuminati Mr. Fantastic
51%
The Fantastic Four: First Steps Main Characters Mr. Fantastic
51%
Villain Mysterio
51%
Who Destroyed Asgard? Surtur
51%
Sister Yelena Belova
51%
Yelena Belova
51%
Yelena Belova
51%
# of Episodes 6
49%
# of Episodes 6
49%
# of Episodes 6
49%
# of Episodes 6
49%
# of Episodes 6
49%
# of Episodes 6
49%
# of Episodes 9
49%
# of Episodes 9
49%
# of Episodes 9
49%
Doctor Octopus
49%
Dormammu
49%
Real Name Natasha Romanov
49%
Professor X
49%
Villain Ronan the Accuser
49%
She-Hulk: Attorney at Law Main Character She-Hulk
49%
Titan
49%
# of Episodes 5
47%
Love Interest Betty Ross
47%
Daredevil: Born Again Main Character Daredevil
47%
Ebony Maw
47%
Villain(s) Grandmaster
47%
Invisible Woman
47%
Father Red Guardian
47%
Thunderbolts* Main Characters Red Guardian
47%
Thing
47%
# of episodes 12
45%
Villain Agatha Harkness
45%
Villain Baron Zemo
45%
Electro
45%
Villain(s) Galactus
45%
Setting (Country) Germany
45%
Kingpin
45%
Villain Kingpin
45%
Kingpin
45%
Lizard
45%
Silver Surfer
45%
Taskmaster
45%
Character Death Taskmaster
45%
Mentor The Ancient One
45%
# of Episodes 18
43%
Side Character America Chavez
43%
Blade
43%
Elektra
43%
Gambit
43%
Villain Gorr the God Butcher
43%
Ms. Marvel
43%
Ms. Marvel Main Character Ms. Marvel
43%
Villain Namor
43%
Black Bolt
40%
Villain(s) Echo
40%
Echo Main Character Echo
40%
Hope van Dyne
40%
Ironheart
40%
Ironheart Main Character Ironheart
40%
Janet van Dyne
40%
Justin Hammer
40%
Side Character Korg
40%
Setting(s) (Planets) Sakaar
40%
Sentry
40%
Villain(s) Sentry
40%
Chitauri
38%
Villain Malekith
38%
Mobius
38%
Proxima Midnight
36%
US Agent
36%
US Agent
36%
Alexander Pierce
34%
Baron Mordo
34%
Crossbones
34%
Villain Kaecilius
34%
Kate Bishop
34%
Setting Quantum Realm
34%
Captain Carter
32%
Love Interest Christine Palmer
32%
Corvus Glaive
32%
Villain(s) Destroyer
32%
Gilgamesh
32%
Villain High Evolutionary
32%
Side Character(s) Luis
32%
Character Death Maria Hill
32%
Monica Rambeau
32%
Love Interest Nakia
32%
Side Character(s) Okoye
32%
Surprise Villains Sabretooth
32%
Ajak
30%
Villain(s) Aldrich Killian
30%
Villain(s) Bullseye
30%
Main Villain Cassandra Nova
30%
Character Death Foggy Nelson
30%
Laufey
30%
Main Character's Alter Egos Marc Spector
30%
Pyro
30%
Steven Grant
30%
Sylvie
30%
X-23
30%
Kingo
28%
Sersi
28%
Thaddeus Ross
28%
Thena
28%
Eternals Eternals Ikaris
26%
Ikaris
26%
Jake Lockley
26%
Druig
23%
Villain Group Flag Smashers
23%
Klaw
23%
Villain(s) Leader
23%
Love Interest Liz Allan
23%
Makkari
23%
Phastos
23%
Sprite
23%
Juggernaut
21%
Side Character Katy
21%
Toad
21%
Valentina Allegra de Fontaine
21%
Villain Yon-Rogg
21%
Villain Kang the Conquerer
19%
Villain Kang the Conquerer
19%
Villain(s) Kro
19%
Mephisto
19%
Villain(s) Titania
19%
Villain Wenwu
19%
Villain Arthur Harrow
17%
Villain Dar-Benn
17%
Villain General Dreykov
17%
Villain(s) Karli Morgenthau
17%
Arnim Zola
15%
Side Character Bruno
15%
Villain(s) The Hood
15%
Hero Death White Tiger
15%
Villain Super Skrull
13%
Villain Najma
11%
Best Friend Natalie
11%
Todd Phelps
11%
Cull Obsidion
4%
Villain Group The Clandestines
2%
No matching quizzes found
Score Distribution
Percent of People with Each Score
Percentile by Number Answered
Your Score History
You have not taken this quiz